Walt disney / (Record no. 10265)
[ view plain ]
| 000 -LEADER | |
|---|---|
| fixed length control field | 00479nam a22001817a 4500 |
| 003 - CONTROL NUMBER IDENTIFIER | |
| control field | SISC |
| 005 - DATE AND TIME OF LATEST TRANSACTION | |
| control field | 20160307142027.0 |
| 008 - FIXED-LENGTH DATA ELEMENTS--GENERAL INFORMATION | |
| fixed length control field | 130903t xxu||||| |||| 00| 0 eng d |
| 020 ## - INTERNATIONAL STANDARD BOOK NUMBER | |
| International Standard Book Number | 088301775x |
| 050 ## - LIBRARY OF CONGRESS CALL NUMBER | |
| Classification number | PN 1998.A3 |
| Item number | .W231 1984 |
| 082 ## - DEWEY DECIMAL CLASSIFICATION NUMBER | |
| Classification number | HS 920 |
| Item number | W17 1984 |
| 245 ## - TITLE STATEMENT | |
| Title | Walt disney / |
| 260 ## - PUBLICATION, DISTRIBUTION, ETC. (IMPRINT) | |
| Place of publication, distribution, etc | West Haven, Connecticut : |
| Name of publisher, distributor, etc | Academic Industries, |
| Date of publication, distribution, etc | c1984. |
| 300 ## - PHYSICAL DESCRIPTION | |
| Extent | 53 p. : |
| Other physical details | ill. ; |
| Dimensions | 17 cm. |
| 650 ## - SUBJECT ADDED ENTRY--TOPICAL TERM | |
| Topical term or geographic name as entry element | Biography |
| 9 (RLIN) | 12111 |
| 942 ## - ADDED ENTRY ELEMENTS (KOHA) | |
| Source of classification or shelving scheme | Library of Congress Classification |
| Koha item type | Books |
| Withdrawn status | Lost status | Source of classification or shelving scheme | Damaged status | Home library | Current library | Shelving location | Date acquired | Total Checkouts | Full call number | Barcode | Date last seen | Copy number | Price effective from | Koha item type |
|---|---|---|---|---|---|---|---|---|---|---|---|---|---|---|
| Library of Congress Classification | Luxembourg Library | Luxembourg Library | High School Section | 09/03/2013 | PN 1998.A3 .W231 1984 | 9563 | 03/07/2016 | 1 | 09/03/2013 | Books |